000
00249nam a2200109Ia 4500
008
231212s1971 xx 000 0 und d
041
_a
eng
082
_a
621.38
100
_a
Popov L.
245
_a
Mason's Guide in
260
_a
Mascow
_b
Mir Pub
_c
1971
999
_c
958505
_d
958505